[Event "Masters"]
[Site "Melbourne"]
[Date "1995.08.28"]
[Round "7"]
[White "Levi, E"]
[Black "Sarfati, J"]
[Result "1/2-1/2"]
[WhiteElo "2235"]
[BlackElo "2310"]

1. e4 e5 2. Nf3 Nc6 3. d4 exd4 4. Bc4 Bc5 5. O-O d6 6. c3 Bg4 7. Qb3 Bxf3
8. Bxf7+ Kf8 9. gxf3 Ne5 10. cxd4 Bxd4 11. Bxg8 Rxg8 12. f4 Ng4 13. Qg3 Qd7
14. Nc3 Re8 15. Bd2 Nf6 16. e5 dxe5 17. Rad1 Qf5 18. Ne2 Ne4 19. Qh4 Bc5
20. fxe5 Rxe5 21. Ng3 Nxg3 22. hxg3 Kf7 23. Qc4+ Qe6 24. Qf4+ Qf5 25. Qc4+
Qe6 26. Qf4+ Qf5 27. Qc4+ 1/2-1/2

[Event "Masters"]
[Site "Melbourne"]
[Date "1995.08.28"]
[Round "7"]
[White "Khoze, E"]
[Black "Johansen, D"]
[Result "0-1"]
[WhiteElo "2200"]
[BlackElo "2510"]

1. d4 Nf6 2. c4 g6 3. Nc3 Bg7 4. e4 d6 5. Nf3 O-O 6. h3 Na6 7. Bd3 e5 8. d5
Nh5 9. g3 f5 10. Qe2 Nc5 11. Bc2 c6 12. Be3 cxd5 13. cxd5 fxe4 14. Nxe4
Nxe4 15. Bxe4 Nf6 16. Bg5 Qa5+ 17. Qd2 Qb6 18. Bxf6 Rxf6 19. Nh4 Bh6 20.
Qe2 Bd7 21. a4 Qb4+ 22. Kf1 Bxa4 23. Bd3 Raf8 0-1

[Event "Masters"]
[Site "Melbourne"]
[Date "1995.08.29"]
[Round "8"]
[White "Johansen, D"]
[Black "Levi, E"]
[Result "1/2-1/2"]
[WhiteElo "2510"]
[BlackElo "2235"]

1. d4 d5 2. c4 c6 3. Nf3 e6 4. Qc2 f5 5. Bf4 Bd6 6. Bxd6 Qxd6 7. Nbd2 Nf6
8. g3 O-O 9. Bg2 Ne4 10. O-O Nd7 11. Rac1 Ndf6 12. e3 Bd7 13. Ne5 Be8 14.
f3 Nxd2 15. Qxd2 Nd7 16. Nd3 Bf7 17. f4 Nf6 18. b3 Rfd8 19. Qb2 Qe7 20. Rc2
g5 21. Re1 g4 22. cxd5 exd5 23. b4 Ne4 24. b5 cxb5 25. Qxb5 Rac8 26. Qb3
Rc4 27. Ne5 Rxc2 28. Qxc2 Be6 29. Rc1 Qa3 30. Re1 Rc8 31. Qb1 b6 32. Bxe4
dxe4 33. Qb5 Qxa2 34. Nc6 Qd2 35. Rf1 Qxe3+ 36. Kh1 Rc7 37. Nd8 Bf7 38.
Nxf7 Rxf7 39. Qe8+ Kg7 40. Qe5+ Kg8 41. Qe8+ Kg7 42. Qe5+ Kg8 1/2-1/2

[Event "Masters"]
[Site "Melbourne"]
[Date "1995.08.29"]
[Round "8"]
[White "West, G"]
[Black "Sandler, L"]
[Result "1/2-1/2"]
[WhiteElo "2400"]
[BlackElo "2375"]

1. e4 c5 2. c3 d5 3. exd5 Qxd5 4. d4 Nf6 5. Nf3 Bg4 6. Be2 e6 7. O-O cxd4
8. cxd4 Be7 9. Nc3 Qa5 10. h3 Bh5 11. Ne5 Bxe2 12. Qxe2 O-O 13. Rd1 Nc6 14.
Nxc6 bxc6 15. Qc4 Rac8 16. b3 Rfd8 17. Bb2 Qb4 18. Qa6 Qb6 19. Qc4 Qb4 20.
Qa6 Qb6 1/2-1/2

[Event "Masters"]
[Site "Melbourne"]
[Date "1995.08.29"]
[Round "8"]
[White "Sarfati, J"]
[Black "Rutherford, S"]
[Result "1-0"]
[WhiteElo "2310"]
[BlackElo "2250"]

1. e4 c5 2. Nf3 d6 3. d4 cxd4 4. Nxd4 Nf6 5. Nc3 a6 6. Be3 e6 7. f3 Qc7 8.
g4 h6 9. Qd2 Nc6 10. O-O-O Rb8 11. h4 b5 12. Nxc6 Qxc6 13. Kb1 b4 14. Ne2
e5 15. Rg1 g6 16. g5 hxg5 17. hxg5 Nd7 18. Ng3 a5 19. f4 Be7 20. f5 Nc5 21.
Bc4 Na4 22. Bd5 Qb5 23. Ka1 Nb6 24. Bxb6 Qxb6 25. Rh1 Rf8 26. Rh7 a4 27. f6
Bd8 28. Qh2 Bg4 29. Qh6 1-0

[Event "Masters"]
[Site "Melbourne"]
[Date "1995.08.29"]
[Round "8"]
[White "Jordan, W"]
[Black "Reilly, T"]
[Result "1-0"]
[WhiteElo "2340"]
[BlackElo "2350"]

1. e4 d6 2. d4 Nf6 3. Nc3 g6 4. Bc4 Bg7 5. Nf3 O-O 6. Qe2 Nc6 7. h3 e5 8.
dxe5 dxe5 9. Nd5 Nxd5 10. Bxd5 Nd4 11. Nxd4 exd4 12. O-O Qe7 13. f4 c6 14.
Bb3 Bf5 15. e5 Rad8 16. Qf3 c5 17. Bd2 b5 18. g4 Bc8 19. Bd5 Be6 20. Bc6
Bd7 21. a4 Bxc6 22. Qxc6 b4 23. Rf3 Rc8 24. Qd5 Rfd8 25. Qe4 c4 26. Re1 c3
27. Bc1 cxb2 28. Bxb2 Qc5 29. Rf2 Qd5 30. Rd2 Rc4 31. Kg2 a6 32. Qxd5 Rxd5
33. Kf3 Ra5 34. Ra1 Rac5 35. Bxd4 Rxc2 36. Bxc5 Rxd2 37. Bxb4 Rd3+ 38. Ke4
Rxh3 39. Rc1 h6 40. Rc6 Rg3 41. Rxa6 Rxg4 42. Ra8+ Kh7 43. Ra7 Kg8 44. Kf3
h5 45. Bd2 g5 46. a5 gxf4 47. Bxf4 Rg1 48. a6 Rf1+ 49. Ke4 Re1+ 50. Kf5 Rf1
51. Kg5 h4 52. Rb7 Ra1 53. a7 Bf8 54. Kxh4 Ra4 55. Kg5 Ra3 56. Kf5 Kg7 57.
e6 Bc5 58. e7 1-0

[Event "Masters"]
[Site "Melbourne"]
[Date "1995.08.30"]
[Round "9"]
[White "Sandler, L"]
[Black "Sarfati, J"]
[Result "1/2-1/2"]
[WhiteElo "2375"]
[BlackElo "2310"]

1. d4 Nf6 2. Nf3 d5 3. Bg5 Ne4 4. Bf4 c5 5. c3 Qb6 6. Qb3 c4 7. Qxb6 axb6
8. Nbd2 Bf5 9. Nxe4 Bxe4 10. Nd2 Bg6 11. e4 e6 12. Be2 Nd7 13. exd5 exd5
14. O-O b5 15. Rfe1 Kd8 16. a3 Nb6 17. Bf3 Kd7 18. Bg4+ f5 19. Be2 Bd6 20.
Bxd6 Kxd6 21. f4 Rhe8 22. Kf2 Nd7 23. Bf3 Rxe1 24. Rxe1 Re8 25. Rxe8 Bxe8
26. Bd1 Nf6 27. Ke3 Bh5 28. Bxh5 Nxh5 29. h3 Nf6 30. Nf3 Ke6 1/2-1/2

[Event "Masters"]
[Site "Melbourne"]
[Date "1995.08.30"]
[Round "9"]
[White "Rutherford, S"]
[Black "Johansen, D"]
[Result "1-0"]
[WhiteElo "2250"]
[BlackElo "2510"]

1. e4 e5 2. Nf3 Nc6 3. Bb5 Bc5 4. O-O Qf6 5. c3 Nge7 6. Bxc6 Nxc6 7. d4 Bb6
8. d5 Nb8 9. d6 cxd6 10. Na3 Nc6 11. Nb5 O-O 12. Qxd6 Qxd6 13. Nxd6 Bc5 14.
Rd1 Bxd6 15. Rxd6 f6 16. Be3 b6 17. b4 Nd8 18. Nd2 Nf7 19. Rd3 d6 20. a4 f5
21. f3 f4 22. Bf2 Be6 23. b5 a6 24. Bxb6 axb5 25. a5 Rfc8 26. Rb1 Bd7 27.
Nb3 Rc4 28. Ra1 Ra4 29. Rdd1 Kf8 30. Rxa4 bxa4 31. Nc5 Bc6 32. Ne6+ Ke7 33.
Nc7 Rb8 34. c4 Kd7 35. Nb5 Ke6 36. Ra1 Kd7 37. Rxa4 Ng5 38. Ra2 Ne6 39. Rd2
Nd4 40. Nxd4 exd4 41. Rxd4 Ke7 42. g3 g5 43. c5 dxc5 44. Bxc5+ Kf7 45. Bb6
fxg3 46. hxg3 h5 47. Rd8 Rb7 48. Rc8 Bb5 49. Rc5 Ba6 50. Rxg5 1-0

[Event "Masters"]
[Site "Melbourne"]
[Date "1995.08.30"]
[Round "9"]
[White "Reilly, T"]
[Black "West, G"]
[Result "0-1"]
[WhiteElo "2350"]
[BlackElo "2400"]

1. d4 Nf6 2. c4 c5 3. d5 b5 4. cxb5 a6 5. Nc3 axb5 6. e4 b4 7. Nb5 d6 8.
Bc4 g6 9. e5 dxe5 10. d6 exd6 11. Bg5 Bb7 12. Qb3 Bg7 13. Bxf7+ Kf8 14. Rd1
Bxg2 15. Rxd6 Qe7 16. Bd5 Bxh1 17. Bxh1 Ra6 18. Rd2 h6 19. Bh4 g5 20. Bg3
Nh5 21. Ne2 Bf6 22. Be4 Nf4 23. Bf5 Kg7 24. Bb1 Rd8 25. Rxd8 Qxd8 26. Bxf4
exf4 27. Qc2 Qe7 28. Kf1 Re6 29. Qg6+ Kf8 30. Qxh6+ Bg7 31. Qh5 Qd7 32.
Qxg5 Qd1+ 33. Kg2 f3+ 34. Kg3 Qxe2 35. Qf4+ Ke7 36. Qg5+ Bf6 37. Qxc5+ Kf7
38. Qh5+ Kf8 39. Qh6+ Bg7 40. Qf4+ Ke7 41. Qg5+ Bf6 42. Qc5+ Kf7 43. Qh5+
Kf8 44. Qh6+ Ke8 45. Qh5+ Kd8 46. Qd5+ Nd7 0-1

[Event "Masters"]
[Site "Melbourne"]
[Date "1995.08.30"]
[Round "9"]
[White "Dinh, D"]
[Black "Jordan, W"]
[Result "1/2-1/2"]
[WhiteElo "2240"]
[BlackElo "2340"]

1. g3 e5 2. Bg2 Nf6 3. c4 c6 4. d4 exd4 5. Qxd4 d5 6. Nf3 Be7 7. cxd5 cxd5
8. O-O Nc6 9. Qa4 O-O 10. Nc3 Re8 11. Rd1 Bc5 12. Bg5 Be6 13. e4 d4 14. Nd5
a6 15. Rac1 Ba7 16. Nh4 Bxd5 17. exd5 Ne5 18. Nf5 h6 19. Bf4 Nxd5 20. Nxd4
Nxf4 21. gxf4 Ng4 22. h3 Nxf2 23. Kxf2 b5 24. Qb4 Qh4+ 25. Kg1 Re2 26. Kh1
Qxf4 27. Nc6 Qg3 28. Ne7+ Kh8 29. Qg4 Qxg4 30. hxg4 Re8 31. Nc6 Be3 32. Rb1
g6 33. Rd8 Rxd8 34. Nxd8 Kg7 35. Bb7 Bb6 36. Nc6 a5 37. Ba6 Re4 38. Bxb5
Rxg4 39. Rf1 Re4 40. Rf3 Re1+ 41. Kg2 Rg1+ 42. Kh2 Rc1 43. Rc3 Rd1 44. Rd3
Rc1 45. Rd7 Rc2+ 46. Kh3 h5 47. Rb7 Be3 48. Kg3 Rxb2 49. Nxa5 Rxa2 50.
Rxf7+ Kxf7 1/2-1/2

[Event "Masters"]
[Site "Melbourne"]
[Date "1995.08.30"]
[Round "9"]
[White "Levi, E"]
[Black "Tu Hoang Thong"]
[Result "0-1"]
[WhiteElo "2235"]
[BlackElo "2470"]

1. e4 c5 2. c3 d5 3. exd5 Qxd5 4. d4 g6 5. Nf3 Bg7 6. Be3 cxd4 7. cxd4 Nf6
8. Nc3 Qa5 9. Bc4 O-O 10. O-O Nbd7 11. a3 Nb6 12. b4 Qf5 13. Bd3 Qe6 14.
Re1 Nbd5 15. Bd2 Qd6 16. Ne5 Be6 17. Ne4 Nxe4 18. Bxe4 Qb6 19. Bxd5 Bxd5
20. Qg4 Rfd8 21. Qh4 Bf6 22. Bg5 Bxg5 23. Qxg5 f6 24. Qh4 fxe5 25. dxe5 e6
26. Re3 Rd7 27. Rc1 Rf8 28. Rc5 Rdf7 29. f3 a5 30. Qd4 Rf4 31. Qc3 axb4 0-1

[Event "Masters"]
[Site "Melbourne"]
[Date "1995.08.30"]
[Round "9"]
[White "Khoze, E"]
[Black "Kagan, N"]
[Result "0-1"]
[WhiteElo "2200"]
[BlackElo "2395"]

1. d4 Nf6 2. c4 g6 3. Nc3 d5 4. Nf3 Bg7 5. e3 O-O 6. cxd5 Nxd5 7. Bc4 Nb6
8. Bb3 Na6 9. O-O c5 10. h3 e6 11. a4 Bd7 12. a5 Nc8 13. d5 e5 14. e4 Nd6
15. Re1 b5 16. axb6 axb6 17. Qe2 b5 18. Bg5 f6 19. Bd2 c4 20. Bc2 b4 21.
Nd1 Bb5 22. Rxa6 Bxa6 23. Bxb4 Qb6 24. Bc3 Rfc8 25. Ne3 Rc7 26. Nd2 Qc5 27.
Ra1 Bb7 28. Qf1 Rxa1 29. Qxa1 Bc8 30. Qa5 Qxa5 31. Bxa5 Ra7 32. Bb4 Bf8 33.
Bxd6 Bxd6 34. Nexc4 Ra1+ 35. Kh2 Bb4 36. Nb3 Ra7 37. Nc1 Ba6 38. b3 h5 39.
Nd3 Bf8 40. Kg3 Bb5 41. Kf3 Rc7 42. Ndb2 Bc5 43. Bd3 Bd4 44. Nd1 Bd7 45.
Nde3 Ra7 46. Nc2 Bc3 47. N4e3 Kf8 48. Bc4 f5 49. exf5 gxf5 50. Ke2 Ke7 51.
Kd3 Ba5 52. Na3 Be1 53. Nb5 Ra2 54. Nc2 Bxf2 55. Nba3 e4+ 56. Kc3 Bg3 57.
b4 Be5+ 58. Kd2 Rb2 59. Be2 Rb3 60. Nc4 Bf4+ 61. Ke1 h4 62. N4a3 Bg3+ 63.
Kd2 f4 64. Bc4 f3 65. Bf1 e3+ 0-1

[Event "Masters"]
[Site "Melbourne"]
[Date "1995.08.31"]
[Round "10"]
[White "Tu Hoang Thong"]
[Black "Rutherford, S"]
[Result "0-1"]
[WhiteElo "2470"]
[BlackElo "2250"]

1. b3 b6 2. Bb2 Bb7 3. f4 Nf6 4. Nf3 e6 5. e3 Be7 6. Bd3 O-O 7. O-O Ne4 8.
Nc3 Nxc3 9. Bxc3 Ba6 10. Bxa6 Nxa6 11. e4 d5 12. Qe2 dxe4 13. Qxe4 Nc5 14.
Qe2 Qd5 15. Rae1 Rad8 16. Ne5 Bf6 17. Rf3 Nd7 18. Kh1 Nxe5 19. fxe5 Bg5 20.
Rh3 h6 21. Rf1 Rd7 22. Rg3 f5 23. exf6 Rdf7 24. Rd3 Qc6 25. Bb4 Re8 26.
fxg7 Qe4 27. Rdf3 Qxe2 28. Rxf7 c5 29. Bc3 e5 30. R1f2 Qh5 31. R7f5 Kxg7
32. g3 Qd1+ 33. Kg2 Qxc2 34. h4 Qe4+ 35. Kh2 Bd8 36. R2f4 Qd5 37. d4 cxd4
38. Rxd4 Qxd4 39. Bxd4 exd4 40. Rd5 Bf6 41. Kh3 Rd8 42. Rf5 d3 43. Rf1 d2
44. Rd1 Bc3 45. Kg2 Re8 46. Kf2 Re1 0-1

[Event "Masters"]
[Site "Melbourne"]
[Date "1995.08.31"]
[Round "10"]
[White "Johansen, D"]
[Black "Sandler, L"]
[Result "1-0"]
[WhiteElo "2510"]
[BlackElo "2375"]

1. c4 Nf6 2. Nc3 e5 3. g3 Bb4 4. Bg2 O-O 5. e4 Bxc3 6. dxc3 d6 7. Ne2 Be6
8. b3 Nc6 9. h3 Nd7 10. O-O f5 11. exf5 Bxf5 12. g4 Be6 13. f4 exf4 14.
Nxf4 Bf7 15. Be3 Nde5 16. c5 dxc5 17. Bxc5 Re8 18. Qxd8 Raxd8 19. Rad1 b6
20. Bf2 Rxd1 21. Rxd1 Rd8 22. Nd5 Kf8 23. Bg3 Rd7 24. c4 Bxd5 25. Rxd5 Ke7
26. Rxe5+ Nxe5 27. Bxe5 Rd2 28. Bxg7 Kf7 29. Be5 c5 30. Bd5+ Kf8 31. h4
Rxa2 32. g5 Re2 33. Bf6 1-0

[Event "Masters"]
[Site "Melbourne"]
[Date "1995.08.31"]
[Round "10"]
[White "West, G"]
[Black "Sarfati, J"]
[Result "1/2-1/2"]
[WhiteElo "2400"]
[BlackElo "2310"]

1. d4 Nf6 2. Nf3 d5 3. e3 Bf5 4. Bd3 e6 5. Bxf5 exf5 6. Qd3 Qc8 7. O-O Bd6
8. b3 O-O 9. c4 c6 10. Ba3 Bxa3 11. Nxa3 Na6 12. Rab1 Nc7 13. b4 a6 14.
Rfc1 Ra7 15. cxd5 Nfxd5 16. Nc4 Qe6 17. Qd2 f4 18. exf4 Qg4 19. Ne3 Qxf4
20. Nxd5 Nxd5 21. Qxf4 Nxf4 22. Kf1 Rd8 23. a4 Ne6 24. b5 axb5 25. axb5 Kf8
26. bxc6 bxc6 27. Rb4 Rad7 28. Rcc4 Rd5 29. g3 c5 1/2-1/2

[Event "Masters"]
[Site "Melbourne"]
[Date "1995.08.31"]
[Round "10"]
[White "Jordan, W"]
[Black "Khoze, E"]
[Result "1-0"]
[WhiteElo "2340"]
[BlackElo "2200"]

1. e4 e5 2. Nf3 Nc6 3. Bc4 Bc5 4. O-O Nf6 5. d3 h6 6. c3 d6 7. Re1 O-O 8.
Nbd2 Ne7 9. Bb3 Ng6 10. d4 exd4 11. cxd4 Bb4 12. Bc2 Re8 13. a3 Ba5 14. b4
Bb6 15. Nc4 Be6 16. d5 Bd7 17. Bb2 Ng4 18. Nxb6 axb6 19. Rc1 N4e5 20. Bb1
Bg4 21. Re3 Nh4 22. Kh1 Bxf3 23. gxf3 Qg5 24. Qf1 Nexf3 25. Qh3 Qf4 26.
Rxc7 Nd2 27. Qg3 Ng6 28. Bc2 Rac8 29. Rec3 Rxc7 30. Rxc7 Nxe4 31. Qxf4 Nxf4
32. Bd4 Ng5 33. h4 Nf3 34. Be3 Nxd5 35. Rxb7 Nxh4 36. Bxb6 g5 37. Bb3 Ne7
38. Ba4 Ra8 39. Ba7 Nhg6 40. Rb8+ Rxb8 41. Bxb8 d5 42. b5 Nc8 43. Bc7 Kf8
44. b6 Nxb6 45. Bxb6 Ke7 46. Bc5+ Kd8 47. Bb3 Nf4 48. Be3 Nd3 49. Bxd5 f5
50. a4 Kc7 51. a5 Nb4 52. Bb6+ Kb8 53. Bc4 Kb7 54. Bc5 Na6 55. Bf8 h5 56.
Be7 g4 57. Bf7 Nb8 58. Bd6 h4 59. Be6 g3 60. fxg3 hxg3 61. Bxb8 Kxb8 62.
Bxf5 Kb7 63. Bd3 1-0

[Event "Masters"]
[Site "Melbourne"]
[Date "1995.08.31"]
[Round "10"]
[White "Reilly, T"]
[Black "Dinh, D"]
[Result "1-0"]
[WhiteElo "2350"]
[BlackElo "2240"]

1. d4 g6 2. c4 Bg7 3. e4 Nc6 4. d5 Nd4 5. Ne2 c5 6. Nxd4 cxd4 7. Bd3 e5 8.
O-O Nf6 9. f4 d6 10. fxe5 dxe5 11. Bg5 h6 12. Bxf6 Bxf6 13. Qf3 Be7 14.
Qxf7+ Kd7 15. c5 Qg8 16. d6 1-0

[Event "Masters"]
[Site "Melbourne"]
[Date "1995.09.02"]
[Round "11"]
[White "Sandler, L"]
[Black "Tu Hoang Thong"]
[Result "0-1"]
[WhiteElo "2375"]
[BlackElo "2470"]

1. e4 Nf6 2. d3 d5 3. Nd2 e5 4. Ngf3 Nc6 5. g3 dxe4 6. dxe4 Bc5 7. Bg2 O-O
8. O-O b6 9. h3 Re8 10. c3 a5 11. Qa4 Bd7 12. Qc2 Qc8 13. Kh2 a4 14. Nc4
Qa6 15. Ne3 Rad8 16. Re1 Na7 17. Bd2 Bc6 18. Bf1 Qb7 19. Ng4 Nxe4 20. Be3
Bd6 21. Ng5 h5 22. Bc4 Nxg5 23. Bxg5 hxg4 24. Bxd8 Rxd8 25. Rad1 b5 26.
Bxf7+ Kxf7 27. Rxe5 Qc8 28. Rf5+ Kg8 29. Rh5 Qe6 30. Qh7+ Kf7 31. Rf5+ Ke8
32. Rd3 Kd7 33. Qxg7+ Kc8 34. Qxg4 Bd7 35. Rg5 Qf6 36. Qe4 Qxf2+ 37. Qg2
Qxg2+ 38. Kxg2 Be7 39. Rg7 Bc6+ 40. Rf3 Rd2+ 0-1

[Event "Masters"]
[Site "Melbourne"]
[Date "1995.09.02"]
[Round "11"]
[White "Rutherford, S"]
[Black "Kagan, N"]
[Result "1/2-1/2"]
[WhiteElo "2250"]
[BlackElo "2395"]

1. e4 e5 2. Nf3 Nc6 3. Bb5 a6 4. Ba4 d6 5. O-O Bd7 6. d4 b5 7. Bb3 Nxd4 8.
Nxd4 exd4 9. a4 Nf6 10. Qxd4 Be7 11. c3 O-O 12. f3 bxa4 13. Bxa4 Bxa4 14.
Qxa4 Nd7 15. Na3 Kh8 16. Nc2 Nc5 17. Qc4 a5 18. Be3 Nd7 19. Rfd1 Ne5 20.
Qa4 Qb8 21. Ra2 Qb7 22. Nd4 Rfb8 23. Bf4 Bf6 24. Bxe5 Bxe5 25. Nc6 Qb6+ 26.
Kh1 Re8 27. Qc4 Kg8 28. Qd5 a4 29. Nxe5 dxe5 30. Qd7 Qb3 31. Ra3 Qxb2 32.
Rxa4 Rac8 33. Rc4 Qb6 34. h3 h6 35. Rd5 c6 36. Rb4 Qe3 37. Rb7 Qc1+ 38. Rd1
Qf4 39. Rc7 Rb8 40. Rxc6 Qg5 41. Rc7 Rf8 42. Qg4 Qe3 43. Qf5 Qe2 44. Rg1
Rbe8 45. Rc5 g6 46. Qf6 Re6 47. Qh4 Qe3 48. Rc7 Kg7 49. Rd1 Qb6 50. Rcd7
Qc5 51. Qe1 Qc4 52. Rd8 Rxd8 53. Rxd8 Rc6 54. Rd5 Qxc3 55. Qxc3 Rxc3 56.
Rxe5 h5 57. h4 Rc2 58. Kh2 Kf6 59. Rg5 Rd2 60. Kg3 Re2 61. Kf4 Ke6 62. g3
Rb2 63. Ra5 Rb6 64. Kg5 Rb3 65. Ra6+ Ke7 66. Kf4 Rb1 67. g4 hxg4 68. fxg4
Kf8 69. h5 gxh5 70. gxh5 Kg7 71. h6+ Kh7 72. Rf6 Rb7 73. Kf5 Kg8 74. e5 Ra7
75. Rd6 Kh7 76. Kf6 Kxh6 77. Rd8 Kh7 78. Rf8 Ra1 79. Rxf7+ Kg8 80. e6 Rf1+
81. Ke7 Ra1 82. Rf8+ Kg7 83. Rd8 Ra7+ 84. Rd7 Ra8 85. Rb7 Kg6 86. Rd7 Kg7
87. Rc7 Kg6 88. Kd6 Kf6 89. Kd7 Kg7 90. Rc6 Ra7+ 91. Kd8 Kf8 92. Rc1 Ra8+
93. Kd7 Ra7+ 94. Kd6 Ra6+ 95. Ke5 Ra2 1/2-1/2

[Event "Masters"]
[Site "Melbourne"]
[Date "1995.09.02"]
[Round "11"]
[White "Sarfati, J"]
[Black "Johansen, D"]
[Result "0-1"]
[WhiteElo "2310"]
[BlackElo "2510"]

1. d4 Nf6 2. c4 e6 3. Nc3 Bb4 4. e3 b6 5. Nge2 Ne4 6. f3 Nxc3 7. bxc3 Be7
8. e4 Nc6 9. Ng3 Ba6 10. Bd3 Na5 11. Qe2 d6 12. f4 Qd7 13. f5 Bh4 14. Bf4
O-O-O 15. O-O e5 16. Be3 Bxg3 17. hxg3 Qa4 18. Qg4 h5 19. Qxg7 Bxc4 20.
Bxc4 Nxc4 21. Bf2 Rdf8 22. Rfe1 Kb8 23. Re2 Qd7 24. a4 Qe7 25. f6 Qd7 26.
Qg5 Rfg8 27. Qc1 h4 28. gxh4 Rxg2+ 29. Kxg2 Qg4+ 30. Kf1 Qh3+ 31. Kg1 Rg8+
32. Qg5 Rxg5+ 33. hxg5 Qh5 34. Kf1 Qxg5 35. Rd1 Qxf6 36. Rd3 Qf4 37. Kg2
Qg4+ 38. Kf1 Qd7 39. Rf3 Qxa4 40. Rxf7 Qa1+ 41. Be1 exd4 42. Rh2 Ne3+ 0-1

[Event "Masters"]
[Site "Melbourne"]
[Date "1995.09.02"]
[Round "11"]
[White "Dinh, D"]
[Black "West, G"]
[Result "1/2-1/2"]
[WhiteElo "2240"]
[BlackElo "2400"]

1. c4 Nf6 2. g3 c6 3. Nf3 d5 4. b3 dxc4 5. bxc4 e5 6. Nc3 Bd6 7. Bg2 O-O 8.
O-O Nbd7 9. d3 Nc5 10. Nd2 Qe7 11. Nb3 Bf5 12. Be3 Rad8 13. Rb1 Bc8 14. Bg5
Ne6 15. Bxf6 Qxf6 16. Ne4 Qe7 17. Nxd6 Qxd6 18. Qd2 Rfe8 1/2-1/2

[Event "Masters"]
[Site "Melbourne"]
[Date "1995.09.02"]
[Round "11"]
[White "Levi, E"]
[Black "Jordan, W"]
[Result "0-1"]
[WhiteElo "2235"]
[BlackElo "2340"]

1. e4 c6 2. c4 e5 3. d4 Nf6 4. dxe5 Nxe4 5. Nd2 Qa5 6. Bd3 d5 7. exd6 Nxd6
8. Ngf3 Be7 9. O-O O-O 10. Qe2 Re8 11. Ne4 Nxe4 12. Qxe4 Qh5 13. Re1 Na6
14. Ng5 f5 15. Qf3 Qxf3 16. Nxf3 Nb4 17. Bb1 c5 18. Bf4 Bd7 19. a3 Nc6 20.
Bc2 Bf6 21. Rad1 Rxe1+ 22. Rxe1 Re8 23. Rd1 Bc8 24. b3 h6 25. h4 Re2 26.
Rd2 Rxd2 27. Bxd2 Bb2 28. a4 Be6 29. Kh2 Kf7 30. Kg3 Kf6 31. Be3 b6 32. Bf4
Bf7 33. Bc7 Bh5 34. Bd1 Bc3 35. Kf4 g5+ 36. hxg5+ hxg5+ 37. Ke3 g4 38. Nd2
Bd4+ 39. Ke2 Be5 40. Bxe5+ Kxe5 41. Kd3 f4 42. g3 Bg6+ 43. Kc3 Bf5 44. Nf1
Nb4 45. gxf4+ Kxf4 46. Ne3 Be6 47. Kd2 Nc6 48. Nd5+ Bxd5 49. cxd5 Ne5 50.
Be2 Nf7 51. Kc3 a5 52. Kd2 Nd6 53. Bd3 Kf3 54. Be2+ Kf4 55. Bd3 Nf7 56. Bg6
Nd6 57. Kd3 Kg5 58. Be4 Kf4 59. Bg2 Ne8 60. Be4 Ke5 61. Bg2 Kf4 62. Kc4
Nd6+ 63. Kd3 g3 64. fxg3+ Kxg3 65. Be4 Kf4 66. Bg2 Ke5 67. Bf3 Nf5 68. Kc4
Kd6 69. Kb5 Nd4+ 70. Kxb6 Nxf3 71. Kxa5 Nd4 72. Kb6 Nxb3 73. a5 Nxa5 74.
Kxa5 Kxd5 0-1

[Event "Masters"]
[Site "Melbourne"]
[Date "1995.09.02"]
[Round "11"]
[White "Khoze, E"]
[Black "Reilly, T"]
[Result "0-1"]
[WhiteElo "2200"]
[BlackElo "2350"]

1. d4 d6 2. Nf3 g6 3. c4 f5 4. Nc3 Nf6 5. Bg5 Nbd7 6. Qc2 Bg7 7. e4 Nxe4 8.
Nxe4 fxe4 9. Qxe4 Nf6 10. Qh4 c5 11. Bd3 cxd4 12. Nxd4 Qa5+ 13. Bd2 Qe5+
14. Ne2 Qxb2 15. Bc3 Qa3 16. O-O O-O 17. Bc2 e5 18. Bb3 Kh8 19. Rad1 a5 20.
f4 Qc5+ 21. Kh1 Bg4 22. fxe5 dxe5 23. Rxf6 Bxe2 24. Rxf8+ Rxf8 25. Re1 Bd3
26. h3 e4 27. Bxg7+ Kxg7 28. Qg3 Rf7 29. h4 b6 30. a4 Qf2 31. Qe5+ Qf6 32.
Qg3 Qf4 33. Qh3 Qf2 34. Re3 Rf4 35. Qd7+ Kh6 36. Rh3 Qe1+ 37. Kh2 Rf1 0-1


Extra Games
-----------

[Event "Masters"]
[Site "Melbourne"]
[Date "1995.08.21"]
[Round "1"]
[White "Dinh, D"]
[Black "Situru, N"]
[Result "1-0"]
[WhiteElo "2240"]
[BlackElo "2415"]

1. c4 Nf6 2. g3 g6 3. Bg2 Bg7 4. Nc3 O-O 5. e4 d6 6. Nge2 e5 7. O-O Be6 
8. d3 Qd7 9. f4 Bh3 10. f5 Bxg2 11. Kxg2 gxf5 12. Rxf5 Nc6 13. Bg5 Ne8 
14. Nd5 f6 15. Be3 Nd8 16. Qg1 c6 17. Ndc3 Ne6 18. b4 Rf7 19. b5 cxb5 
20. Nxb5 Nc5 21. Bxc5 dxc5 22. Rf3 b6 23. Raf1 Rd8 24. Kh1 Qg4 25. Qg2 
Rfd7 26. h3 Qg6 27. Rd1 h5 28. Nbc3 Nd6 29. Rdf1 Rf8 30. Nd5 f5 31. Qf2 
Qg5 32. exf5 e4 33. dxe4 Nxe4 34. Qe3 Qxe3 35. Rxe3 Nd2 36. Rd1 Nxc4 
37. Ne7+ Kh7 38. Rxd7 Nxe3 39. Nf4 Rf7 40. Ne6 Bf6 41. Nd5 Rxd7 
42. Nxf6+ Kh6 43. Nxd7 Nxf5 44. Kg2 c4 45. Ne5 b5 46. Kf3 a5 47. a4 bxa4
48. Nxc4 Kg6 49. Nc5 Nd4+ 50. Ke3 Nc2+ 51. Kd3 Ne1+ 52. Ke2 Nc2 53. Nxa4
h4 54. g4 Kg5 55. Kf3 Ne1+ 56. Ke4 Ng2 57. Ne5 Kf6 58. Nd3 1-0

[Event "Masters"]
[Site "Melbourne"]
[Date "1995.08.22"]
[Round "2"]
[White "West, G"]
[Black "Situru, N"]
[WhiteElo "2400"]
[BlackElo "2415"]
[Result "1-0"]

1. e4 c5 2. f4 d5 3. Nc3 d4 4. Nce2 Nc6 5. d3 e5 6. Nf3 Bg4 7. Ng3 exf4 
8. Bxf4 g5 9. Bd2 Bd6 10. Nf5 Bxf5 11. exf5 h6 12. Qe2+ Qe7 13. O-O-O 
O-O-O 14. Qxe7 Ncxe7 15. g4 Nf6 16. h3 Ned5 17. c3 Bf4 18. c4 Bxd2+ 
19. Rxd2 Nf4 20. Be2 Rhe8 21. Bd1 Re3 22. Kc2 Kb8 23. a3 a6 24. h4 Rg8 
25. hxg5 hxg5 26. b4 cxb4 27. axb4 Nxg4 28. Rh7 Re7 29. Nxd4 Ne3+ 
30. Kc3 Rd7 31. Ba4 Rc7 32. Rdh2 Ka7 33. b5 Ned5+ 34. Kd2 Nb6 35. bxa6 
Kxa6 36. Bb5+ Ka7 37. Rh8 Rcc8 38. Rxg8 Rxg8 39. Rh7 Rd8 40. Kc3 Nd7 
41. Rxf7 Ne5 42. Re7 Nfxd3 43. c5 Rd5 44. Bxd3 Rxc5+ 45. Kd2 Rd5 46. f6 
1-0

S.T. Lee Cup China Rounds 1-7
---------------------------------

[Event "S.T.Lee Cup"]
[Site "Beijing"]
[Date "1995.08.23"]
[Round "1"]
[White "Siepenkoetter, A"]
[Black "Wang Yaoyao"]
[Result "0-1"]
[WhiteElo "2130"]
[BlackElo "2445"]

1. e4 c5 2. Nf3 d6 3. d4 cxd4 4. Nxd4 Nf6 5. Nc3 a6 6. Bc4 e6 7. a3 Be7 8.
O-O O-O 9. Nde2 b5 10. Ba2 Bb7 11. Ng3 Nbd7 12. Kh1 Rc8 13. Qe2 Nb6 14. f4
Nc4 15. a4 Qb6 16. f5 Rfe8 17. fxe6 fxe6 18. Bg5 Nd7 19. Qh5 Bxg5 20. Bxc4
bxc4 21. Qf7+ Kh8 22. Qxd7 Bf6 23. Rad1 Rcd8 24. Qf7 Be5 25. Nh5 Bc8 26.
Rd2 Qxb2 27. Rxd6 h6 28. Rfd1 Rxd6 29. Qxe8+ Kh7 30. Rf1 Qxc3 31. Qxc8 Qxc2
32. Qc7 Rd1 33. Nf6+ Bxf6 34. Qf4 Rxf1+ 0-1

[Event "S.T.Lee Cup"]
[Site "Beijing"]
[Date "1995.08.23"]
[Round "1"]
[White "Al Modiahki, M"]
[Black "Yu Shaoteng"]
[Result "1/2-1/2"]
[WhiteElo "2445"]
[BlackElo "2290"]

1. e4 e6 2. d4 d5 3. Nc3 Bb4 4. Nge2 dxe4 5. a3 Be7 6. Nxe4 Nc6 7. Bf4 Nf6
8. Qd3 O-O 9. O-O-O b6 10. N2c3 Nd5 11. Nxd5 exd5 12. Nc3 Bf6 13. Qg3 Bh4
14. Qf3 Be6 15. Ba6 Qd7 16. h3 Bf6 17. Be3 Ne7 18. g4 c5 19. g5 Bxd4 20.
Bxd4 cxd4 21. Rxd4 Nf5 22. Rd2 d4 23. Ne4 Qd5 24. c4 Qa5 25. Bb5 Rac8 26.
Rc2 d3 27. Rc3 Nd4 28. Qxd3 Nxb5 29. cxb5 Qa4 30. Rd1 Bc4 31. Qd7 Qxb5 32.
Qxb5 Bxb5 33. Rd4 Rxc3+ 34. bxc3 Bc6 35. Ng3 Re8 36. Kd2 Kf8 37. f4 g6 38.
h4 Ke7 39. f5 gxf5 40. Nxf5+ Kf8 41. Rd6 Bg2 42. Ne3 Ke7 43. Rd4 Bf3 44.
Nc4 Ke6 45. Rd6+ Ke7 46. Rh6 Be4 47. Ke3 Bc2 48. Ne5 Bg6 49. Kf4 Kd6 50.
Ng4 Re4+ 51. Kf3 Rc4 52. h5 Rxc3+ 53. Ne3 Rxa3 54. hxg6 hxg6 55. Rh8 Ke6
56. Re8+ Kd7 57. Re4 b5 58. Kf4 Ra4 59. Rxa4 bxa4 60. Ke5 a3 61. Nc2 a2 62.
Kf6 Ke8 1/2-1/2

[Event "S.T.Lee Cup"]
[Site "Beijing"]
[Date "1995.08.23"]
[Round "1"]
[White "Lin Weiguo"]
[Black "Li Shilong"]
[Result "0-1"]
[WhiteElo "2460"]
[BlackElo "2345"]

1. d4 Nf6 2. Nc3 d5 3. Bg5 c6 4. e3 Nbd7 5. Nf3 e6 6. Bd3 Bd6 7. e4 dxe4 8.
Nxe4 Be7 9. Nxf6+ Bxf6 10. Bxf6 Qxf6 11. O-O O-O 12. Re1 c5 13. c3 b6 14.
Be4 Rb8 15. Qa4 a5 16. Ne5 Nxe5 17. dxe5 Qe7 18. Rad1 Bb7 19. Rd7 Qe8 20.
Red1 Bd5 21. Bd3 Rd8 22. Qh4 h6 23. Rd6 Rxd6 24. exd6 Qd8 25. Qa4 Qxd6 26.
Be4 Qe5 27. Bxd5 exd5 28. Qd7 Qe2 29. Qxd5 Qxb2 30. Qc4 Re8 31. g3 Qc2 32.
Rd6 Qb1+ 33. Kg2 Re7 34. a4 Kh7 35. Qd5 Qe4+ 36. Qxe4+ Rxe4 37. Rxb6 Rxa4
38. Rb5 Rc4 39. Rxa5 Rxc3 40. Ra6 g6 41. h4 h5 42. Rc6 Kg7 43. Kf1 Rc2 44.
Kg2 Kf8 45. Rc7 Ke8 46. Kf3 c4 47. Ke3 Kf8 48. Kf3 c3 49. Ke3 Ke8 50. Kf3
Kd8 51. Rxf7 Rxf2+ 52. Kxf2 c2 53. Rf8+ Kd7 54. Rf7+ Kd6 55. Rf6+ Kd5 56.
Rxg6 c1=Q 57. Rg8 Qc2+ 58. Kf3 Qc6 59. Kg2 Kd4+ 60. Kh2 Qc2+ 61. Kh3 Qf5+
62. Kh2 Ke3 63. Ra8 Qf2+ 64. Kh3 Qf1+ 65. Kh2 Qe2+ 0-1